000 00442nam a2200169Ia 4500
001 5265
003 IN-NITTTR
005 20251114233007.0
008 251113s9999||||xx |||||||||||||| ||eng||
040 _beng
040 _cIN-NITTTR
041 _aeng
082 _a153.9 L334B
100 _aLashley, K. S.
245 0 _aBrain mechanisms and intelligence :
_b a quantitative stydy of injuries to the brain /
_cLashley, K. S.
942 _2ddc
_cBK
999 _c7901
_d7901